| Tag |
First Indicator |
Second Indicator |
Subfields |
| LEADER |
00000cam a2200000 i 4500 |
| 001 |
in00005465821 |
| 008 |
230802s2024 alua b 001 0 eng |
| 005 |
20250318220052.3 |
| 010 |
|
|
|a 2023033198
|
| 019 |
|
|
|a 1389607419
|
| 020 |
|
|
|a 9780817321871
|
| 020 |
|
|
|a 081732187X
|q hardcover
|
| 020 |
|
|
|a 9780817361372
|q paperback
|
| 020 |
|
|
|a 0817361375
|q paperback
|
| 020 |
|
|
|z 9780817394899
|q electronic book
|
| 035 |
|
|
|a (OCoLC)on1389606477
|
| 035 |
|
|
|a (OCoLC)1389606477
|z (OCoLC)1389607419
|
| 040 |
|
|
|a DLC
|b eng
|e rda
|c DLC
|d OCLCO
|d ALM
|d OCLCF
|d OCLCO
|d YDX
|
| 042 |
|
|
|a pcc
|
| 050 |
0 |
0 |
|a PS374.S734
|b V36 2024
|
| 082 |
0 |
0 |
|a 813/.08760906
|2 23/eng/20231122
|
| 100 |
1 |
|
|a Vanderhaeghe, Stéphane,
|e author.
|
| 245 |
1 |
0 |
|a Dear incomprehension :
|b on American speculative fiction /
|c Stéphane Vanderhaeghe.
|
| 264 |
|
1 |
|a Tuscaloosa, Alabama :
|b The University of Alabama Press,
|c [2024]
|
| 300 |
|
|
|a xii, 241 pages :
|b illustrations ;
|c 24 cm
|
| 336 |
|
|
|a text
|b txt
|2 rdacontent
|
| 337 |
|
|
|a unmediated
|b n
|2 rdamedia
|
| 338 |
|
|
|a volume
|b nc
|2 rdacarrier
|
| 504 |
|
|
|a Includes bibliographical references and index.
|
| 520 |
|
|
|a "Dear Incomprehension tackles a broad swath of contemporary literature currently labeled "speculative fiction." A blurring of genres that includes science fiction, modern fairy tales, and avant-garde experimental fiction, these works are extremely popular but also derive from highly sophisticated philosophical and aesthetic sensibilities, ones that call into question and uproot the very foundations of stories and storytelling. Because such fictions subvert most conventional narrative devices-plot, recognizable characters, verisimilitude, logic, legibility-they deliberately confound almost any kind of conventional reading and criticism. So, what do you do with a text that cannot be conventionally read or understood? To do such a literature justice, the traditional frameworks of literary criticism fail, and Dear Incomprehension is more of an extended philosophical essay than it is a traditional work of criticism, as oblique and unconventional in its voice, tone, and methods as the texts it illuminates"--
|c Provided by publisher.
|
| 650 |
|
0 |
|a Speculative fiction, American
|x History and criticism.
|
| 650 |
|
6 |
|a Roman d'hypothèse américain
|x Histoire et critique.
|
| 650 |
|
7 |
|a Speculative fiction, American
|2 fast
|
| 655 |
|
7 |
|a Criticism, interpretation, etc.
|2 fast
|
| 655 |
|
7 |
|a Literary criticism
|2 fast
|
| 655 |
|
7 |
|a Literary criticism.
|2 lcgft
|
| 655 |
|
7 |
|a Critiques littéraires.
|2 rvmgf
|
| 852 |
8 |
|
|b pda,print
|z This title is available for the library to purchase for your use. Click the "Purchase It For Me" button to place a request. This item may take 5-10 business days to arrive.
|
| 955 |
|
|
|a Print PDA title
|
| 961 |
|
|
|m 565730
|
| 999 |
f |
f |
|s fe219dfb-e8f5-462b-9a0a-a70454e610b9
|i b785715d-1e70-4d41-afda-828b7436c735
|t 0
|
| 952 |
f |
f |
|a Texas A&M University
|b College Station
|c Sterling C. Evans Library
|d Purchase on Demand
|t 0
|e PS374.S734 V36 2024
|h Library of Congress classification
|
| 998 |
f |
f |
|a PS374.S734 V36 2024
|t 0
|l Purchase on Demand
|